| 000 | 00629nam a22002057a 4500 | ||
|---|---|---|---|
| 003 | 0 | ||
| 005 | 20240214135017.0 | ||
| 008 | 240214b xxu||||| |||| 00| 0 eng d | ||
| 020 | _a978-1-292-24033-6 | ||
| 050 |
_aHG 2974 _b.C37 2022 |
||
| 100 | _aCasu, Barbara | ||
| 245 |
_aIntroduction to banking _cBarbara Casu |
||
| 250 | _aThird edition | ||
| 260 |
_aHarlow, England _bPearson _cc2022. |
||
| 300 |
_axlii,791 pages : _bcoloured illustrations ; _c25 cm. |
||
| 504 | _aIncludes bibliographical references, index, and glossary. | ||
| 650 | _aBank management. | ||
| 651 | _aBanks & banking--Europe. | ||
| 942 |
_2lcc _cBK |
||
| 999 |
_c365925 _d365925 |
||